000 00742nam a22002297a 4500
001 114140
003 DR-UNIBE
005 20251006102907.0
008 251006b dr ||||| |||| 00| 1 spa d
040 _aBIBLIOTECA UNIBE
_bspa
_cBIBLIOTECA UNIBE
_erda
041 _aspa
090 _aFBIU-ELD PI S487m
100 1 0 _aSerrano C., A. Rafael
_9199545
_eautor
245 1 0 _aMotivos infantiles /
_cA. Rafael Serrano C.
250 _aPrimera edición
260 _aSanto Domingo :
_bLibrería Editorial Dominicana,
_c1970
300 _a41 páginas :
_bilustraciones ;
_c20 x 13 cm
653 7 _aPoesías infantiesl dominicana
653 7 _aAmor - Poesías infantiles dominicanas
653 7 _aLiteratura infantil dominicana
942 _2ddc
_cBK
999 _c114140
_d114140